00206nam a22000857a 4500082001800000100001800018245003900036526003700075650000800112 a358.0942bROY aBart, B. Head aThe Royal engineerscBart, B. Head a0b0c0d358_094200000000000_ROY aMCE